| 000 | 00520nam a2200169Ia 4500 | ||
|---|---|---|---|
| 008 | 140609s9999 xx 000 0 und d | ||
| 020 | _a9788178844114 | ||
| 050 |
_aG 156.5.E26 _b.F145 2009 |
||
| 100 | _aFadia, Anurag. | ||
| 245 |
_aInternational trends in nature based tourism / _cAnurag Fadia |
||
| 260 |
_aNew Delhi, India : _bCyber Tech Publications, _cc2009. |
||
| 300 |
_a262 p. ; _c23 cm. |
||
| 500 | _aIncludes bibliographical references and index. | ||
| 521 | _aTOU | ||
| 942 |
_kFOR _cBK |
||
| 999 |
_c118223 _d118223 |
||